Statistics for Types of Penguins

Click here to take the quiz!

General Stats

  • This quiz has been taken 468 times
  • The average score is 6 of 16

Answer Stats

Hint Answer % Correct
Scientific name: Aptenodytes forsteriEmperor
96%
Scientific name: Aptenodytes patagonicusKing
72%
Scientific name: Eudyptes chrysocomeRockhopper
58%
Scientific name: Pygoscelis adeliaeAdelie
51%
Scientific name: Eudyptes chrysolophusMacaroni
45%
Scientific name: Eudyptula minorLittle
43%
Scientific name: Pygoscelis antarcticaChinstrap
39%
Scientific name: Spheniscus humboldtiHumboldt
39%
Scientific name: Spheniscus demersusAfrican
34%
Scientific name: Spheniscus mendiculusGalapagos
34%
Scientific name: Pygoscelis papuaGentoo
30%
Scientific name: Megadyptes antipodesYellow-Eyed
19%
Scientific name: Eudyptes sclateriErect-crested
11%
Scientific name: Eudyptes pachyrhynchusFiordland
9%
Scientific name: Eudyptes robustusSnares
9%
Scientific name: Spheniscus magellanicusMagellinic
4%

Score Distribution

Percentile by Number Answered

Percent of People with Each Score

Your Score History

You have not taken this quiz